| 000 | 00000nam##2200000za#4500 |
| 001 | 9.648302 |
| 003 | CaOODSP |
| 005 | 20250319164517 |
| 007 | ta |
| 008 | 150407|2001||||xxc||||| f|0| 0 eng|d |
| 020 | |a0-662-30984-7 |
| 040 | |aCaOODSP|beng |
| 043 | |an-cn--- |
| 086 | 1 |aH39-594/2001E |
| 110 | 1 |aCanada.|bHealth Canada. |bPopulation and Public Health Branch. |
| 245 | 13|aAn inventory of Canadian programs for the prevention of falls among seniors living in the community / |cprepared by Victoria Scott et al. |
| 260 | |aOttawa - Ontario : |bHealth Canada. |c2001. |
| 300 | |aiv, 57p. : |breferences, tables ; |c28 cm. |
| 563 | |aSpiral binding |
| 590 | |a02-19|b2002-05-10 |
| 690 | 07|aDirectories|2gcpds |
| 690 | 07|aSeniors|2gcpds |
| 690 | 07|aPrevention|2gcpds |
| 690 | 07|aInjuries|2gcpds |
| 720 | 1 |aScott, Victoria |
| 775 | 08|tRépertoire des programmes canadiens de prévention des chutes et des blessures causées par les chutes chez les aînés vivant dans la communauté / |w(CaOODSP)9.681602 |
| 776 | 0#|tAn inventory of Canadian programs for the prevention of falls among seniors living in the community / |w(CaOODSP)9.700502 |